Documèdia [Recurs electrònic] / Escola d'Administració Pública de Catalunya

Publicat: [Barcelona] : L'Escola, [ 200?]
Descripció física: 1 disc òptic (CD-ROM) ; 12 cm

MARC

LEADER 00000nam a2200000Ia 4500
001 18040
008 160829s9999 xx 000 0 cat d
080 |a CD-1-23 
110 |a Escola d'Administració Pública de Catalunya  |9 15494 
245 |a Documèdia [Recurs electrònic] / Escola d'Administració Pública de Catalunya 
260 |a [Barcelona] :  |b L'Escola, [ 200?] 
300 |a 1 disc òptic (CD-ROM) ;  |c 12 cm 
590 |a Cal instal·lar al disc dur  
590 |a Requeriments mínims: PC 486/ 66 Mhz, 8 Mb RAM, Windows 95,98o NT 3.5 ratolí compatible, lector de CD-ROM 4x, targeta gràfica VGA Windows compatible (256 colors i 640x480) 
700 |a Codi 7. Autoformació multimèdia  |9 26895 
710 1 |a Catalunya.  |b Generalitat  |9 12125 
901 |a Arxiu 
942 |n 1 
952 |0 0  |1 0  |4 0  |6 CD123  |7 1  |9 44196  |a Arxiu  |b Arxiu  |d 2016-12-01  |l 0  |o CD-1-23  |p 18040  |r 2016-12-01 00:00:00  |w 2016-12-01  |y ARXIU 
999 |c 46776  |d 46776